| 000 | 00494nam a2200145Ia 4500 | ||
|---|---|---|---|
| 008 | 231129s2006||||xx |||||||||||||| ||spa|| | ||
| 020 | _a958-648-239-1 | ||
| 040 | _bspa | ||
| 082 | _a(EN PROCESO DE DESCARTE) 344.01861 P397co | ||
| 100 | _aPeña Peña Rogelio Enrique | ||
| 245 | 0 | _aCódigo sustantivo del trabajo código procesal del trabajo: jurisprudencia y doctrina | |
| 260 | _c2006 | ||
| 264 | _aBogotá Colombia: Ecoe Editores | ||
| 942 |
_2ddc _cBKS |
||
| 999 |
_c7160 _d7160 |
||